2008 Zhongguo qi ye hong guan huan jing : (Record no. 18770)

000 -LEADER
fixed length control field 00867cam a2200217 a 4500
020 ## - INTERNATIONAL STANDARD BOOK NUMBER
ISBN 9787111232308
020 ## - INTERNATIONAL STANDARD BOOK NUMBER
ISBN 7111232305
040 ## - CATALOGING SOURCE
Transcribing agency HUA
082 04 - DEWEY DECIMAL CLASSIFICATION NUMBER
Classification number 330 JIX 2008 C152 Or.
245 00 - TITLE STATEMENT
Title 2008 Zhongguo qi ye hong guan huan jing :
Remainder of title qi ye jia vs jing ji xue jia = The macroeconomic environment of Chinese entrepreneurs, 2008 : entrpreneurs vs economists /
246 30 - VARYING FORM OF TITLE
Title proper/short title Qi ye jia vs jing ji xue jia
246 31 - VARYING FORM OF TITLE
Title proper/short title Macroeconomic environment of Chinese entrepreneurs, 2008 :
Remainder of title entrpreneurs vs economists
250 ## - EDITION STATEMENT
Edition statement Di 1 ban.
260 ## - PUBLICATION, DISTRIBUTION, ETC. (IMPRINT)
Place of publication Beijing Shi :
Name of publisher Ji xie gong ye chu ban she,
Year of publication 2008.
300 ## - PHYSICAL DESCRIPTION
Number of Pages ix, 369 p. :
Other physical details ill. ;
Dimensions 24 cm.
490 0# - SERIES STATEMENT
Series statement Zhongguo qi ye jia diao cha xi tong nian du bao gao =
-- China entrepreneurs survey system annual report
650 #0 - SUBJECT ADDED ENTRY--TOPICAL TERM
Topical Term Economic forecasting
650 #0 - SUBJECT ADDED ENTRY--TOPICAL TERM
Topical Term Economists
700 1# - ADDED ENTRY--PERSONAL NAME
Personal name Li, Lan,
942 ## - ADDED ENTRY ELEMENTS (KOHA)
Koha item type ADB
952 ## - LOCATION AND ITEM INFORMATION (KOHA)
Withdrawn status [LOCAL, KOHA] 0
Holdings
Koha item type Source of acquisition Lost status Permanent Location Current Location Date acquired Full call number
សៀវភៅភាសាអង់គ្លេសA36281 Library Block CLibrary Block C2020-01-22330 JIX 2008 C152 Or.
មជ្ឈមណ្ឌលឯការនៃសាកលវិទ្យាល័យភូមិន្ទកសិកម្មចំការដូង

Powered by Koha